Pokémon starters quiz français - Statistiques

Statistiques générales
  • Ce quiz a été pris 451 fois
    377 depuis la dernière actualisation
  • Le résultat moyen est 21 sur 28
Statistiques - réponses
Pokémon starters des 7 générations % Correct
Salamèche
100%
Bulbizarre
98%
Carapuce
98%
Pikachu
94%
Poussifeu
85%
Gobou
84%
Héricendre
84%
Tiplouf
84%
Arcko
83%
Ouisticram
82%
Kaiminus
81%
Germignon
79%
Tortipouss
79%
Grenousse
78%
Vipélierre
74%
Gruikui
73%
Moustillon
73%
Feunnec
70%
Flamiaou
69%
Brindibou
67%
Marisson
67%
Otaquin
62%
Chochodile
54%
Poussacha
53%
Larméléon
52%
Flambino
49%
Ouistempo
47%
Coiffeton
45%
Aucun quiz correspondant
Distribution des résultats
% des personnes avec chaque résultat
Percentile par nombre de réponses
Votre historique - résultats
Vous n’avez pas pris ce quiz depuis la dernière actualisation